000 00320nam a2200145Ia 4500
008 230718s9999 xx 000 0 und d
041 _aEng.
082 _a346.01
_bIRF-M
100 _aIrfan
245 0 _aMinor Acts
260 _aPakistan
_bIrfan Law Book House
_c2007
300 _a160
650 _aLaw
999 _c27772
_d27772